| 000 | 00756nam a2200205Ia 4500 | ||
|---|---|---|---|
| 003 | GCL | ||
| 008 | 140319s9999 xx 000 0 ara d | ||
| 040 |
_aGCL / _cGCL |
||
| 082 | 0 | 4 |
_a320.12 _bم ا |
| 100 | 1 | _aمحمد رياض | |
| 245 | 1 | 0 |
_aالاصول العامة فى الجغرافيا السياسية والجيونوليتيكا مع دراسة تطبيقية على الشرق الاوسط / _cمحمد رياض |
| 260 |
_a[S.N] : _bدار النهضة العربية ، _c1979 |
||
| 490 | _a | ||
| 650 | 0 | 4 | _aالاحوال السياسية |
| 650 | 0 | 4 | _aالشرق الاوسط |
| 650 | 0 | 4 | _aالسياسة الدولية |
| 650 | 0 | 4 | _aالحدود السياسية |
| 650 | 0 | 4 | _aالجغرافيا السياسية |
| 942 |
_2ddc _cBK |
||
| 999 |
_c37508 _d37508 |
||